| 000 | 01184nam a22002657a 4500 | ||
|---|---|---|---|
| 003 | OSt | ||
| 005 | 20250919170805.0 | ||
| 008 | 240401b ||||| |||| 00| 0 eng d | ||
| 040 | _c0 | ||
| 082 | _aDPer 621.381 In821 September 2022 v. 37 n. 9 | ||
| 100 |
_aShin, Yunjun. _eauthor. _955691 |
||
| 245 |
_aAccurate method for extracting the coupling coefficient of an LCC series wireless power transfer system / _cYunjun Shin, Seongho Woo, Jaewon Rhee, Changmin Lee, Haerim Kim, Sungryul Huh, Bumjin Park, and Seungyoung Ahn. |
||
| 260 |
_aNew York ; _bThe Institute of Electrical and Electronics Engineers, Inc. , _cSeptember 2022. |
||
| 300 |
_aVolume 37, pages 11406-11422 : _billustration ; _c28 cm. |
||
| 500 | _aIEEE Transitions on Power Electronics, v. 37 n. 9, pages 11406-11422, September 2022. | ||
| 700 |
_aShin, Yunjun. _eauthor. _955691 |
||
| 700 |
_aWoo, Seongho. _eauthor. _955692 |
||
| 700 |
_aRhee, Jaewon. _eauthor. _955693 |
||
| 700 |
_aLee, Changmin. _eauthor. _955694 |
||
| 700 |
_aKim, Haerim. _eauthor. _955695 |
||
| 700 |
_aHuh, Sungryul. _eauthor. _955696 |
||
| 700 |
_aPark, Bumjin. _eauthor. _955697 |
||
| 700 |
_aAhn, Seungyoung. _955698 |
||
| 942 |
_2ddc _cPER |
||
| 999 |
_c19934 _d19934 |
||